The Global Macrofinancial Model /

This paper documents the theoretical structure and empirical properties of the latest version of the Global Macrofinancial Model (GFM). This dynamic stochastic general equilibrium model of the world economy, disaggregated into forty national economies, was developed to support multilaterally consist...

Celý popis

Podrobná bibliografie
Hlavní autor: Vitek, Francis
Médium: Časopis
Jazyk:English
Vydáno: Washington, D.C. : International Monetary Fund, 2018.
Edice:IMF Working Papers; Working Paper ; No. 2018/081
On-line přístup:Full text available on IMF
LEADER 02089cas a2200241 a 4500
001 AALejournalIMF018402
008 230101c9999 xx r poo 0 0eng d
020 |c 5.00 USD 
020 |z 9781484350706 
022 |a 1018-5941 
040 |a BD-DhAAL  |c BD-DhAAL 
100 1 |a Vitek, Francis. 
245 1 4 |a The Global Macrofinancial Model /  |c Francis Vitek. 
264 1 |a Washington, D.C. :  |b International Monetary Fund,  |c 2018. 
300 |a 1 online resource (136 pages) 
490 1 |a IMF Working Papers 
500 |a <strong>Off-Campus Access:</strong> No User ID or Password Required 
500 |a <strong>On-Campus Access:</strong> No User ID or Password Required 
506 |a Electronic access restricted to authorized BRAC University faculty, staff and students 
520 3 |a This paper documents the theoretical structure and empirical properties of the latest version of the Global Macrofinancial Model (GFM). This dynamic stochastic general equilibrium model of the world economy, disaggregated into forty national economies, was developed to support multilaterally consistent macrofinancial policy, risk and spillover analysis. It features a range of nominal and real rigidities, extensive macrofinancial linkages, and diverse spillover transmission channels. These macrofinancial linkages encompass bank and capital market based financial intermediation, with financial accelerator mechanisms linked to the values of the housing and physical capital stocks. A variety of monetary policy analysis, fiscal policy analysis, macroprudential policy analysis, spillover analysis, and forecasting applications of the GFM are demonstrated. These include quantifying the monetary, fiscal and macroprudential policy transmission mechanisms, accounting for business cycle fluctuations, and generating relatively accurate forecasts of inflation and output growth. 
538 |a Mode of access: Internet 
830 0 |a IMF Working Papers; Working Paper ;  |v No. 2018/081 
856 4 0 |z Full text available on IMF  |u http://elibrary.imf.org/view/journals/001/2018/081/001.2018.issue-081-en.xml  |z IMF e-Library